Limites de operação - Statistics

Estatísticas Gerais
  • Esse quiz foi jogado 1 158 vezes
    1 088 desde o último reset
  • A pontuação média é 28 de 36
Estatísticas das Respostas
Hint Resposta % Correto
Tacômetro vermelho 2700
97%
verde 60 a 90
89%
verde 600 a 2700
87%
verde 140 a 245
86%
Temperatura do óleo vermelho 245
85%
amarelo 25 a 60 e 90 a 100
84%
Pressão óleo vermelho 25 e 100
84%
amarelo 50 a 140
84%
Temperatura da cabeça do cilindro vermelho 475
83%
verde 150 a 435
81%
negativa 3
79%
Categoria acrobática positiva 5
79%
amarelo 100 a 150 e 435 a 475
78%
baixar trem 104
78%
baixar flapes 105
78%
voo de cruzeiro em ar turbulento 150
78%
voo picado - VNE utilitário 220
78%
voo picado - VNE acrobático 240
78%
com flapes 2
77%
com flapes 2
77%
negativa 2,2
77%
Categoria utilitária positiva 4
77%
Fluxômetro vermelho 10,5
76%
Tanque principal vermelho 0 a 11
75%
Velocímetro vermelho 240
75%
Velocidade máx. de mergulho 240
75%
Tanque auxiliar vermelho 0 a 5
74%
Manômetro de pressão de admissão vermelho 29,6
74%
Fator de carga máx. negativa 3
74%
Fator de carga máx. positiva 5
74%
verde 10 a 29,6
72%
verde 950 a 1640
71%
amarelo 185 a 240
70%
Manômetro de pressão hidráulico vermelho 950 e 1640
70%
Limite de centragem 22,8 a 27,8
66%
verde 66 a 185
60%
Nenhum quiz correspondente encontrado
Distribuição das Pontuações
Porcentagem de Pessoas com Cada Pontuação
Percentil de Números Respondidos
Sua Pontuação Histórica
Você não jogou esse quiz desde o último reset